Výsledky Slovákov v Salt Lake City

Bibliographic Details
Format: Article
Language:Slovak
ISSN:0139-7001
Subjects:

MARC

LEADER 00000nab a2200000 a 4500
001 vtls000786289
003 SK-MaSNL
005 20260302155103.0
008 180205c2002 xo 0 slo
015 |a SNBRB2002/03-08913 
035 |a CLN000137946 
040 |a SNKBUCL  |b slo  |c SNKBUCL  |e AACR2 
041 0 |a slo 
044 |a xo  |c SK 
080 |a 796.9.032.2(100)  |2 UDC-MRF-SK2 
245 0 0 |a Výsledky Slovákov v Salt Lake City 
611 1 7 |a Zimné olympijské hry  |n (19. :  |d 2002 :  |c Salt Lake City, Utah)  |2 snkbucl  |9 464520 
655 7 |a články z novín a časopisov  |2 snkbucl  |9 267496 
773 0 |x 0139-7001  |t Šport  |g Roč. 56, č. 48 (26.2.2002), s. 29 
850 |a Slovenská národná knižnica v Martine 
852 |a SNK  |b KIS3GCP 
958 |a RBX 
999 |c 1370372  |d 1372302